Estadísticas para Capitales de America por fotos

Haz click aquí para intentar la prueba.

Estadísticas generales

  • Esta prueba ha sido intentada 32 veces
  • La puntuación promedio es 8 de 16

Estadísticas de respuestas

Respuesta% Correcto
Buenos Aires
86%
Lima
71%
Santiago
71%
La Habana
68%
Ciudad de México
64%
Washington
57%
Bogotá
50%
Caracas
50%
La paz
50%
Quito
50%
Brasilia
46%
Ciudad de Panamá
32%
Ottawa
29%
Santo Domingo
25%
Managua
18%
San josé
18%

Distribución de puntuación

Porcentaje por número respondido

Porcentaje de gente con cada puntuación

Historial de tus puntuaciones

No has intentado esta prueba.